000 00538nam a2200193Ia 4500
003 GCL
008 140319s9999 xx 000 0 ara d
040 _aGCL /
_cGCL
082 0 4 _a808.802
_bل ص
100 1 _aلوبوك، بيرسى
245 1 0 _aصنعة الرواية /
_cلوبوك، بيرسى
700 1 _aعبدالستار جواد
300 _a251 ص
490 _aسلسلة الكتب المترجمة
_v0
650 0 4 _aالاسلوب الادبى
650 0 4 _aالادب
650 0 4 _aالقصص
942 _2ddc
_cBK
999 _c47340
_d47340